00386nam a22001097a 4500008004100000082001200041100002000053245010100073260003600174300001600210650005000226180430b xxu||||| |||| 00| 0 eng d a200 FER aFERCH, Arthur J aMianzo na UmilikiwajibMwongozo wa Kujifunza Biblia kwa watu wazima cArthur J. Ferch hSwahili  aTanzania bPacific Press c2006 a160p c21cm 2Muongozo wa Kujifunza Biblia kwa watu wazima